000 00739nam a2200229 a 4500
001 000025087
005 20260120073950.0
008 110209s1988 txu 000 0 spa d
020 _a0311461123
040 _aDO-SdBNP
_bspa
_cBNPHU
041 1 7 _aspa
_heng
082 _a248.4
_bR952c
100 1 _aRush, Myron
_951478
245 1 0 _aCómo ser cristiano y hombre de negocios /
_cMyron Rush ; traducción de Luis Magín Alvarez.
260 _aEl Paso, Texas :
_bMundo Hispano,
_c1988.
300 _a168 p. ;
_c21 cm.
534 _aTítulo original:
_tLord of the marketplace.
650 0 _aVida cristiana
_9668
650 0 _aVida espiritual
_9268
650 4 _aEjercicios espirituales
_98168
700 1 _aMagín Alvarez, Luis,
_etr.
_951479
999 _c24580
_d24580